El paramo de Sonson, Argelia y Nariño. (Registro nro. 20644)
[ vista simple ]
| 000 -CABECERA | |
|---|---|
| Campo de control | 00791nam a22002417a 4500 |
| 005 - FECHA Y HORA DE LA ULTIMA TRANSACCION | |
| Campo de control | 20191216071335.0 |
| 008 - ELEMENTOS DE LONGITUD FIJA—INFORMACION GENERAL | |
| Campo de control | 191216b xxu||||| |||| 00| 0 spa d |
| 040 ## - FUENTE DE CATALOGACIÓN | |
| Agencia catalogadora original | CO-BoIAVH |
| Agencia transcriptora | CO-BoIAVH |
| 041 ## - IDIOMA | |
| Código de idioma para texto/pista de sonido o título separado | Español |
| 044 ## - PAÍS DE PUBLICACIÓN | |
| País de publicación | Colombia |
| 110 ## - ASIENTO PRINCIPAL--NOMBRE CORPORATIVO | |
| 9 (RLIN) | 43748 |
| Nombre corporativo o de jurisdicción como elemento de entrada | Corporación Autónoma Regional Rionegro - Nare. Cornare |
| 245 ## - MENCION DE TITULO | |
| Título | El paramo de Sonson, Argelia y Nariño. |
| Parte restante del título | A vuelo de águila. |
| 250 ## - MENCION DE EDICION | |
| Mención de edición | segunda edición |
| 260 ## - PUBLICACION, DISTRIBUCION, ETC. (PIE DE IMPRENTA) | |
| Lugar de publicación, distribución, etc. | Bogotá: |
| Nombre del editor, distribuidor, etc. | CORNARE, |
| Fecha de publicación, distribución, etc. | 1994. |
| 300 ## - DESCRIPCION FISICA | |
| Extensión | 24 Páginas: |
| Otros detalles físicos | ilustraciones y fotografías, |
| Dimensiones | 22 x 17 cm. |
| 650 #0 - ASIENTO SECUNDARIO DE MATERIA - TERMINO TEMATICO | |
| 9 (RLIN) | 5606 |
| Término temático o nombre geográfico como elemento de entrada | Aspectos ambientales |
| 650 #0 - ASIENTO SECUNDARIO DE MATERIA - TERMINO TEMATICO | |
| 9 (RLIN) | 9209 |
| Término temático o nombre geográfico como elemento de entrada | Aguila |
| 650 #0 - ASIENTO SECUNDARIO DE MATERIA - TERMINO TEMATICO | |
| 9 (RLIN) | 410 |
| Término temático o nombre geográfico como elemento de entrada | Aves |
| Subdivisión geográfica | Colombia. |
| 650 #0 - ASIENTO SECUNDARIO DE MATERIA - TERMINO TEMATICO | |
| 9 (RLIN) | 24175 |
| Término temático o nombre geográfico como elemento de entrada | Conservación de páramos |
| Subdivisión geográfica | Colombia. |
| 650 #0 - ASIENTO SECUNDARIO DE MATERIA - TERMINO TEMATICO | |
| 9 (RLIN) | 5578 |
| Término temático o nombre geográfico como elemento de entrada | Bosque natural |
| 650 #0 - ASIENTO SECUNDARIO DE MATERIA - TERMINO TEMATICO | |
| 9 (RLIN) | 54 |
| Término temático o nombre geográfico como elemento de entrada | Biodiversidad |
| 942 ## - ELEMENTOS ADICIONALES (KOHA) | |
| Sistema de clasificación | Dewey Decimal Classification |
| Tipo de ítem | Folleto |
| Withdrawn status | Lost status | Sistema de Clasificación | Damaged status | No para préstamo | Colección | Ubicación Permanente | Ubicación actual | Fecha de adquisición | Total Checkouts | Número topográfico | Inventario / Código de Barras | Date last seen | Ejemplar | Price effective from | Forma de adquisición | Tipo de material |
|---|---|---|---|---|---|---|---|---|---|---|---|---|---|---|---|---|
| Dewey Decimal Classification | Hemeroteca | Bogotá | Bogotá | 16/12/2019 | FG-0374 | 043889 | 16/12/2019 | Ej.1 | 16/12/2019 | Canje | Folleto |